| 000 | 00397nam a2200181Ia 4500 | ||
|---|---|---|---|
| 003 | OSt | ||
| 005 | 20251110114326.0 | ||
| 008 | 250729s2007 xx 000 0 und d | ||
| 040 | _cAL | ||
| 041 | _aeng | ||
| 082 | _a921 DUAG | ||
| 100 |
_aDua Shyam _9224083 |
||
| 245 | _aGovind Vallab pant | ||
| 260 |
_aNew Delhi _c2007 |
||
| 300 | _a96p | ||
| 650 |
_aHistory _9224084 |
||
| 942 |
_2ddc _cBED |
||
| 999 |
_c236235 _d236235 |
||